000 00463nam a2200145Ia 4500
008 140724s9999 xx 000 0 und d
050 _aT 58.6
_b.C111 2014
100 _aCaayao, Cedrick D.
245 _aOnline testmaker for Microbase Inc. /
_cCedrick D. Caayao.
260 _aLas PiƱas, Philippines :
_bSouthville International School and Colleges,
_cc2014.
300 _a42 p. :
_c28 cm.
521 _aInformation Technology
942 _cTH
999 _c229331
_d229331